Statistiques concernant Paroles Anesthésiée - Eléa

Cliquez ici pour prendre le quiz!

Statistiques générales

  • Ce quiz a été pris 3 fois
  • Le résultat moyen est 259 sur 366

Statistiques - réponses

Réponse% Correct
a
100%
A
100%
à
100%
aime
100%
anesthésiée
100%
à nous
100%
As
100%
ce
100%
Ce
100%
c'est
100%
C'est
100%
cette
100%
comme
100%
dans
100%
de
100%
De
100%
dire
100%
du
100%
en
100%
est
100%
et
100%
Et
100%
fais
100%
fait
100%
Il
100%
Je
100%
je
100%
100%
la
100%
le
100%
lui
100%
ma
100%
mais
100%
Mais
100%
me
100%
Me
100%
moi
100%
mon
100%
Mon
100%
ne
100%
notre
100%
nôtre
100%
pas
100%
peu
100%
Peux
100%
plus
100%
pu
100%
quand
100%
que
100%
qui
100%
quoi
100%
Si
100%
si
100%
te
100%
t'en
100%
tes
100%
toi
100%
tous
100%
tout
100%
tu
100%
un
100%
vie
100%
vois
100%
vous
100%
autre
67%
beau
67%
belle
67%
crois
67%
j'étais
67%
J'suis
67%
j'suis
67%
loin
67%
maintenant
67%
n'ai
67%
parce
67%
passé
67%
Pourquoi
67%
appels
33%
après
33%
à t'oublier
33%
baisser
33%
balai
33%
bébé
33%
choisir
33%
compris
33%
con
33%
contrôler
33%
coups
33%
C'que
33%
décline
33%
déjà ?
33%
d'me
33%
d'penser
33%
d'quitter
33%
D'tes
33%
effacé
33%
Eléa
33%
faute
33%
fois
33%
garde
33%
garder
33%
gars
33%
gars ?
33%
hanter
33%
importe
33%
J'arrête
33%
j'arrive
33%
J'dois
33%
J'en
33%
j'le
33%
J'pensais
33%
j't'ai
33%
J't'appelle
33%
j't'attends
33%
J'te
33%
J'veux
33%
l'autre
33%
l'flou
33%
l'hôtel
33%
l'un
33%
lutter
33%
m'as
33%
M'assurer
33%
m'dire
33%
mec
33%
méritais
33%
mérite
33%
mille
33%
m'manques
33%
moindre
33%
n'vis
33%
Ouais
33%
oublié
33%
pardonnes
33%
perdue
33%
piquée
33%
plaît
33%
Pourrais-je
33%
préfère
33%
prie
33%
problème
33%
qu'Eléa
33%
qu'était
33%
quitte
33%
qu'j'ai
33%
qu'sans
33%
qu'tu
33%
rappelée
33%
rappelle
33%
remettre
33%
remplacé
33%
reste
33%
reviens
33%
serait
33%
s'explique
33%
S'il
33%
simple
33%
soir
33%
souffrir
33%
t'aime
33%
t'as
33%
t'avais
33%
t'avoir
33%
t'pardonner
33%
train
33%
traître
33%
triste
33%
tromperies
33%
truc
33%
voilà
33%

Distribution des résultats

Percentile par nombre de réponses

% des personnes avec chaque résultat

Votre développement - résultats

Vous n’avez pas pris ce quiz